000
00310nam a22001217a 4500
020
_a
9789350562604
082
_a
631.587
_b
SHI/EN
100
_a
Shivanna,H
_9
410
245
_a
Engineering For Agricultural Drainage
260
_a
New Delhi
_b
Discovery Publishing House Pvt.Ltd
_c
2013
300
_a
183
942
_c
BK
999
_c
14296
_d
14296